Kong: (Record no. 176744)
[ view plain ]
| 000 -LEADER | |
|---|---|
| fixed length control field | 00639nam a2200229Ia 4500 |
| 003 - CONTROL NUMBER IDENTIFIER | |
| control field | OSt |
| 005 - DATE AND TIME OF LATEST TRANSACTION | |
| control field | 20240422112944.0 |
| 008 - FIXED-LENGTH DATA ELEMENTS--GENERAL INFORMATION | |
| fixed length control field | 210427s2019 xx 000 0 und d |
| 020 ## - INTERNATIONAL STANDARD BOOK NUMBER | |
| International Standard Book Number | 9788126585410 |
| 040 ## - CATALOGING SOURCE | |
| Transcribing agency | AIMIT LIBRARY |
| 041 ## - LANGUAGE CODE | |
| Language code of text/sound track or separate title | eng |
| 082 ## - DEWEY DECIMAL CLASSIFICATION NUMBER | |
| Classification number | 005.276 KOVA |
| 100 ## - MAIN ENTRY--PERSONAL NAME | |
| Personal name | Kovalevych, Alex |
| 9 (RLIN) | 161882 |
| 245 ## - TITLE STATEMENT | |
| Title | Kong: |
| Remainder of title | becoming a king of API gateways |
| 260 ## - PUBLICATION, DISTRIBUTION, ETC. | |
| Place of publication, distribution, etc. | New Delhi : |
| Name of publisher, distributor, etc. | Dreamtech Press , |
| Date of publication, distribution, etc. | 2019. |
| 300 ## - PHYSICAL DESCRIPTION | |
| Extent | xii,177 p.; |
| 700 ## - ADDED ENTRY--PERSONAL NAME | |
| Personal name | Buchanan, RTobert |
| 9 (RLIN) | 161883 |
| 700 ## - ADDED ENTRY--PERSONAL NAME | |
| Personal name | Lee, Daniel |
| 9 (RLIN) | 161884 |
| 700 ## - ADDED ENTRY--PERSONAL NAME | |
| Personal name | Mooy, Chelsy |
| 9 (RLIN) | 161885 |
| 906 ## - LOCAL DATA ELEMENT F, LDF (RLIN) | |
| a | API gateway- a rapidly changing landscape |
| 942 ## - ADDED ENTRY ELEMENTS (KOHA) | |
| Source of classification or shelving scheme | Dewey Decimal Classification |
| Koha item type | Book |
| Withdrawn status | Lost status | Source of classification or shelving scheme | Damaged status | Not for loan | Collection code | Home library | Current library | Date acquired | Cost, normal purchase price | Total Checkouts | Full call number | Barcode | Date last seen | Price effective from | Koha item type |
|---|---|---|---|---|---|---|---|---|---|---|---|---|---|---|---|
| Dewey Decimal Classification | MCA | St Aloysius Institute of Management & Information Technology | St Aloysius Institute of Management & Information Technology | 07/04/2021 | 799.00 | 005.276 KOVA | MCA16786 | 07/21/2025 | 04/27/2021 | Book |